Shaw / (Record no. 128474)

MARC details
000 -LEADER
fixed length control field 00728nam a22002417a 4500
005 - DATE AND TIME OF LATEST TRANSACTION
control field 20170124110040.0
010 ## - LIBRARY OF CONGRESS CONTROL NUMBER
LC control number 707332
020 ## - INTERNATIONAL STANDARD BOOK NUMBER
Terms of availability 00.00
International Standard Book Number 0713117087
035 ## - SYSTEM CONTROL NUMBER
System control number 707332
037 ## - SOURCE OF ACQUISITION
Source of stock number/acquisition Cen Lib/Ret
040 ## - CATALOGING SOURCE
Original cataloging agency DPL
Language of cataloging EN
082 ## - DEWEY DECIMAL CLASSIFICATION NUMBER
Classification number 882.08
Item number SHA
245 ## - TITLE STATEMENT
Title Shaw /
Statement of responsibility, etc edited by Tommy Cookson ; illustrated by George Gillespie
260 ## - PUBLICATION, DISTRIBUTION, ETC. (IMPRINT)
Place of publication, distribution, etc London
Name of publisher, distributor, etc Edward Arnold
Date of publication, distribution, etc 1972
270 ## - ADDRESS
Address 41 Maddox Street
300 ## - PHYSICAL DESCRIPTION
Extent 94p. :
Dimensions 21cm(Hb)
Other physical details ill.
490 ## - SERIES STATEMENT
Series statement The portrait series
650 ## - SUBJECT ADDED ENTRY--TOPICAL TERM
Topical term or geographic name as entry element Dramatists, Irish
9 (RLIN) 23510
650 ## - SUBJECT ADDED ENTRY--TOPICAL TERM
Topical term or geographic name as entry element Dramatists, Irish -- 19th century -- Biography
9 (RLIN) 23511
700 ## - ADDED ENTRY--PERSONAL NAME
Personal name Cookson, Tommy
9 (RLIN) 23512
700 ## - ADDED ENTRY--PERSONAL NAME
Personal name Gillespie, George
9 (RLIN) 23513
942 ## - ADDED ENTRY ELEMENTS (KOHA)
Source of classification or shelving scheme Dewey Decimal Classification
Koha item type English Books
Classification part 882.08
Call number suffix SHA
Holdings
Withdrawn status Lost status Damaged status Not for loan Home library Current library Date acquired Source of acquisition Cost, normal purchase price Total Checkouts Full call number Barcode Date last seen Copy number Cost, replacement price Price effective from Koha item type Public note
Written off       Central Library Central Library 02/07/2015 Cen Lib/Ret 0.00   882.08 SHA 707332 02/07/2015 1 0.00 02/07/2015 English Books W/d List No. 8133/13; dtd 20.2.2017

© Delhi Public Library
Hit Counter
free hit counter